000 01273cam a2200337 a 4500
001 836
005 20230824103230.0
008 130423s2014 nyua j 000 0ceng
020 _a9780545694766
040 _aDLC
_cDLC
_dDLC
_beng
050 0 0 _bCT107.O83
082 0 0 _a920
100 1 _aOsborne, Mary Pope.
245 1 0 _aHeroes for all times
_cby Mary Pope Osborne and Natalie Pope Boyce ; illustrated by Sal Murdocca.
250 _aFirst Scholastic printing, January 2014
260 _bScholastic
300 _a120 pages :
_billustrations ;
_c20 cm
490 0 _aMagic Tree House fact tracker
_vBook 51
500 _a"A nonfiction companion to Magic Tree House #51: High Time for Heroes."
500 _a"A STEPPING STONE BOOK."
505 0 _aU
520 _aJack and Annie learn amazing facts about six history-changing individuals, including Susan B. Anthony, Mahatma Ghandi, Martin Luther King, Jr., John Muir, Florence Nightingale ,and Harriet Tubman.
521 _a820
_bLexile
521 _aU
_bRaz-Plus
650 0 _aHeroes
_vNon-fiction.
650 0 _aBiography
_vNon-fiction.
700 1 _aBoyce, Natalie Pope.
700 1 _aMurdocca, Sal
_eillustrator
906 _a7
_bcbc
_corignew
_d1
_eecip
_f20
_gy-gencatlg
942 _2ddc
_cBK
_n0
999 _c836
_d836